000
00308nam a22001457a 4500
008
231004b ||||| |||| 00| 0 eng d
020
_a
588524
041
_a
eng
080
_a
53
082
_a
53SCH
100
_a
24
101
_a
MEK
245
_a
QUANTUM ELECTRODYNAMICS
_c
SCHWINGER.J
942
_2
udc
_c
BK
999
_c
60424
_d
60424